5 Biggest Lakes in Europe - Statistics

General Stats
  • This quiz has been taken 6 times
  • The average score is 3 of 5
Answer Stats
Hint Answer % Correct
1. Lake Ladoga
100%
2. Lake Onega
75%
3. Lake Vänern
50%
5. Lake Saimaa
25%
4. Rybinsk Reservoir
0%
No matching quizzes found
Score Distribution
Percent of People with Each Score
Percentile by Number Answered
Your Score History
You have not taken this quiz